Catalog

Record Details

Catalog Search



Dd  Cover Image Book Book

Dd / Bela Davis.

Davis, Bela, (author.).

Summary:

"From donuts to dogs, this title has got D words covered! Each instance of "D" or "d" is bolded so that readers begin to recognize it in words and the sounds it makes. Complete with big colorful photographs, a More Dd Words page, bolded glossary terms, and a picture glossary. Aligned to Common Core Standards and correlated to state standards."--Provided by publisher.

Record details

  • ISBN: 9781680808803
  • ISBN: 168080880X
  • Physical Description: 24 pages : color illustrations ; 23 cm.
  • Publisher: Minneapolis, Minnesota : Abdo Kids, 2017.

Content descriptions

General Note:
Includes index.
Each page has a sentence with the specific letter highlighted, to show the letter's language usage.
Subject: English language > Alphabet > Juvenile literature.
Alphabet books > Juvenile literature.
Vocabulary > Juvenile literature.
English language > Alphabet.
Alphabet.
Genre: Alphabet books.
Readers (Elementary)
Readers (Elementary)

Available copies

  • 1 of 1 copy available at scottsboropl.

Holds

  • 0 current holds with 1 total copy.
Show Only Available Copies
Location Call Number / Copy Notes Barcode Shelving Location Status Due Date
scottsboropl E NF 421 Alp 32269001166324 Juvenile - Easy NonFiction Available -

LDR 02621cam a2200613 i 4500
001155426
003SBPL
00520210401174600.0
008160606s2017 mnua j 001 0 eng
010 . ‡a 2016943884
020 . ‡a9781680808803 ‡q(hard cover)
020 . ‡a168080880X ‡q(hard cover)
020 . ‡z9781680795905 ‡q(ebk.)
020 . ‡z9781680796575 ‡q(read-to-me ebk.)
035 . ‡a(OCoLC)958783694
042 . ‡apcc
05000. ‡aPE1155 ‡b.D3616 2017
08204. ‡a372.44 ‡223
1001 . ‡aDavis, Bela, ‡eauthor.
24510. ‡aDd / ‡cBela Davis.
264 1. ‡aMinneapolis, Minnesota : ‡bAbdo Kids, ‡c2017.
264 4. ‡c©2017
300 . ‡a24 pages : ‡bcolor illustrations ; ‡c23 cm.
336 . ‡atext ‡btxt ‡2rdacontent
337 . ‡aunmediated ‡bn ‡2rdamedia
338 . ‡avolume ‡bnc ‡2rdacarrier
4901 . ‡aThe alphabet
500 . ‡aIncludes index.
500 . ‡aEach page has a sentence with the specific letter highlighted, to show the letter's language usage.
520 . ‡a"From donuts to dogs, this title has got D words covered! Each instance of "D" or "d" is bolded so that readers begin to recognize it in words and the sounds it makes. Complete with big colorful photographs, a More Dd Words page, bolded glossary terms, and a picture glossary. Aligned to Common Core Standards and correlated to state standards."--Provided by publisher.
650 0. ‡aEnglish language ‡xAlphabet ‡vJuvenile literature.
650 0. ‡aAlphabet books ‡vJuvenile literature.
650 0. ‡aVocabulary ‡vJuvenile literature.
650 1. ‡aEnglish language ‡xAlphabet.
650 1. ‡aAlphabet.
655 7. ‡aAlphabet books. ‡2lcgft
655 0. ‡aReaders (Elementary)
655 7. ‡aReaders (Elementary) ‡2lcgft
8001 . ‡aDavis, Bela. ‡tAlphabet.
901 . ‡a155426 ‡b ‡c155426 ‡tbiblio

Additional Resources